Invertebrate Fossils (Record no. 330160)
[ view plain ]
| 000 -LEADER | |
|---|---|
| fixed length control field | 01436 a2200205 4500 |
| 003 - CONTROL NUMBER IDENTIFIER | |
| control field | Nust |
| 005 - DATE AND TIME OF LATEST TRANSACTION | |
| control field | 20170612112036.0 |
| 008 - FIXED-LENGTH DATA ELEMENTS--GENERAL INFORMATION | |
| fixed length control field | 170612b xxu||||| |||| 00| 0 eng d |
| 020 ## - INTERNATIONAL STANDARD BOOK NUMBER | |
| International Standard Book Number | 8123911394 |
| 040 ## - CATALOGING SOURCE | |
| Transcribing agency | Nust |
| 082 ## - DEWEY DECIMAL CLASSIFICATION NUMBER | |
| Classification number | 562 MOO |
| 100 ## - MAIN ENTRY--PERSONAL NAME | |
| Personal name | Moore.C,Raymond |
| 9 (RLIN) | 2436 |
| 245 ## - TITLE STATEMENT | |
| Title | Invertebrate Fossils |
| Statement of responsibility, etc. | Raymond C .Moore, Cecile g .lalicker, Alfred G Fischer |
| 260 ## - PUBLICATION, DISTRIBUTION, ETC. | |
| Place of publication, distribution, etc. | New Delhi |
| Name of publisher, distributor, etc. | CBS |
| Date of publication, distribution, etc. | 1997 |
| 300 ## - PHYSICAL DESCRIPTION | |
| Extent | 766p. |
| 500 ## - GENERAL NOTE | |
| General note | P.B |
| 505 ## - FORMATTED CONTENTS NOTE | |
| Formatted contents note | .The nature of fossils(page 1)2.Foraminifera and radiolaria(page 39)3.Sponges and spongelike fossils(Moore)(page 79)4.Coelenterates(Moore)(page 99)5.Bryozoans(Moore)(page 156)6.Brachiopods(Moore)(page 199)7.Mollusks(Moore)(page 269)8.Gastropods(Moore)(page 277)9.Cephalopods(fischer(page 336)10.Pelecypods(Moore)(page 400)11.Annelids and other worms(Lalicker(Moore)(page 452)12.Arthropods(Moore)(page 464)13.Trilobites(Moore)(page 478)14.Ostracodes and other crustaceans (Lalicker (Moore)(page 521)15.Chelicerates,myriapods and insects(Moore)(page 552)16.Echinoderms(Moore)(page 577)17.Primive attached echinoderms(Moore)(page 582)18.Crinoids(Moore)(page 604)19.Holothuroids(Fischer page 653)20.Starfishes (page 659)21.EchinoidsFischer(page 675)22.Graptolites and pterobranchsFischer(page 715)23.Conodonts(page 738) |
| 538 ## - SYSTEM DETAILS NOTE | |
| System details note | Almirah No 18. Shelf No.5 |
| 650 ## - SUBJECT ADDED ENTRY--TOPICAL TERM | |
| Topical term or geographic name entry element | Invertebrate Fossils |
| 9 (RLIN) | 2437 |
| 942 ## - ADDED ENTRY ELEMENTS (KOHA) | |
| Source of classification or shelving scheme | |
| Koha item type | Book |
| Call number prefix | 562 MOO |
| Withdrawn status | Lost status | Source of classification or shelving scheme | Damaged status | Not for loan | Collection code | Permanent Location | Current Location | Shelving location | Date acquired | Total Checkouts | Full call number | Barcode | Date last seen | Price effective from | Koha item type |
|---|---|---|---|---|---|---|---|---|---|---|---|---|---|---|---|
| Institute of Environmental Science and Engineering (IESE) | Institute of Environmental Science and Engineering (IESE) | General Stacks | 06/12/2017 | 562 MOO | IESE-1316 | 06/12/2017 | 06/12/2017 | Book | |||||||
| Institute of Environmental Science and Engineering (IESE) | Institute of Environmental Science and Engineering (IESE) | General Stacks | 06/12/2017 | 562 MOO | IESE-1317 | 06/12/2017 | 06/12/2017 | Book |
